[Event "Gibtelecom Masters"]
[Site "Gibraltar ENG"]
[Date "2006.01.28"]
[Round "5"]
[White "Obers,F"]
[Black "Reppen,E"]
[Result "1/2-1/2"]
[WhiteElo "2080"]
[BlackElo "1851"]
[EventDate "2006.01.24"]

1. d4 d5 2. c4 e6 3. Nc3 Nf6 4. cxd5 exd5 5. Bg5 c6 6. e3 Bd6 7. Bd3 h6 8.
Bh4 Be6 9. Qb3 b6 10. Qc2 O-O 11. Nf3 Nbd7 12. O-O Qc7 13. Bg3 Bxg3 14.
hxg3 a6 15. b4 c5 16. bxc5 bxc5 17. dxc5 Qxc5 18. Rfc1 Qd6 19. Ne2 Rfc8 20.
Qxc8+ Rxc8 21. Rxc8+ Nf8 22. Rc2 Ne4 23. Rac1 Qa3 24. Bxe4 dxe4 25. Nfd4
Bd7 26. Nc3 Ne6 27. Nxe6 Bxe6 28. Nb1 Qa5 29. Nd2 Qa4 30. Rb2 Qa3 31. Rcc2
Qa4 32. Nb3 Bxb3 33. Rxb3 Qd7 34. Rb1 Qd3 35. Rbc1 Kh7 36. Rc3 Qd2 37. R3c2
Qd3 38. Rc3 Qd2 39. a3 Kg8 40. f4 exf3 41. gxf3 Qe2 42. e4 h5 43. R1c2 Qe1+
44. Kg2 h4 45. gxh4 Qxh4 46. Kf1 Qh1+ 47. Ke2 Qg2+ 48. Ke3 Qg5+ 49. Kd4
Qf6+ 50. e5 Qh4+ 51. Kd5 Qd8+ 52. Ke4 Qh4+ 53. Ke3 Qg5+ 54. f4 Qg1+ 55. Ke4
Qg6+ 56. Kf3 Qh5+ 57. Kg3 Qg6+ 58. Kf3 Qh5+ 59. Ke4 Qg6+ 60. Kd5 Qe6+ 61.
Kc5 g6 62. a4 Qe7+ 63. Kb6 Qb4+ 64. Kxa6 Qxa4+ 65. Kb6 Qb4+ 66. Kc6 Qxf4
67. Kd5 1/2-1/2

[Event "Gibtelecom Masters"]
[Site "Gibraltar ENG"]
[Date "2006.01.28"]
[Round "5"]
[White "Slimani,A"]
[Black "Carame Gonzalez,F"]
[Result "1-0"]
[WhiteElo "1956"]
[BlackElo "1978"]
[EventDate "2006.01.24"]

1. e4 c5 2. Nf3 Nc6 3. Bb5 d6 4. Bxc6+ bxc6 5. d3 Nf6 6. O-O e5 7. Nbd2 g6
8. Nc4 Bg7 9. Bg5 h6 10. Be3 Ng4 11. Bd2 O-O 12. h3 Nf6 13. Nh2 Ba6 14. Ne3
d5 15. f3 c4 16. exd5 cxd3 17. dxc6 dxc2 18. Qxc2 Bxf1 19. Nhxf1 Rc8 20. b4
Qb6 21. Rc1 Rfd8 22. Kh1 Rc7 23. a4 a6 24. Qc5 Qxc5 25. Rxc5 Bf8 26. Rc2
Rb8 27. Rc4 Bd6 28. Ng3 Kf8 29. Ne4 Nxe4 30. fxe4 Rcc8 31. Nd5 g5 32. Be3
Kg7 33. Ba7 Ra8 34. Nb6 Rf8 35. Nxa8 Rxa8 36. c7 Rc8 37. Bb8 Kf8 38. b5
axb5 39. axb5 Ke7 40. b6 f6 41. b7 1-0

[Event "Gibtelecom Masters"]
[Site "Gibraltar ENG"]
[Date "2006.01.29"]
[Round "6"]
[White "Agrest,E"]
[Black "Al Sayed,Mohamad"]
[Result "0-1"]
[WhiteElo "2591"]
[BlackElo "2470"]
[EventDate "2006.01.24"]

1. d4 d5 2. Nf3 Nf6 3. c4 c6 4. Qb3 dxc4 5. Qxc4 Bf5 6. g3 Nbd7 7. Nc3 e6
8. Bg2 Be7 9. O-O O-O 10. Re1 Ne4 11. Qb3 Qb6 12. Nh4 Qxb3 13. axb3 Bb4 14.
g4 Nxc3 15. gxf5 Nb5 16. Rd1 e5 17. dxe5 Nxe5 18. Bf4 f6 19. e3 a5 20. Bf1
Nd6 21. Kg2 Rad8 22. Be2 Kf7 23. Rac1 Rd7 24. Bg3 Ke7 25. Rd4 Rfd8 26. f4
Nef7 27. e4 c5 28. Rd3 Nxe4 29. Re3 Nfd6 30. Rc4 Kf8 31. Rcxe4 Nxe4 32.
Rxe4 Rd2 33. Kf3 Rxb2 34. Bc4 Rd4 35. Rxd4 cxd4 36. Ke4 Bc3 37. Nf3 b5 38.
Bxb5 Rxb3 39. Bc4 Rb2 40. Nxd4 a4 41. Ne2 Bb4 42. Bf2 a3 43. Bd4 Rb1 44.
Kd3 Rd1+ 45. Kc2 Rf1 46. Kb3 Bd6 47. Bc3 Rh1 48. Nd4 Rxh2 49. Ne6+ Ke7 50.
Nxg7 Rh3 51. Kc2 Bxf4 52. Ne6 Be5 53. Bb4+ Bd6 54. Ba5 Rh2+ 55. Kd3 Be5 56.
Bb4+ Kd7 57. Nf8+ Kc6 58. Bxa3 Rh3+ 59. Ke2 Rxa3 60. Nxh7 Ra8 61. Bf7 Kc5
62. Kf3 Kd4 63. Bg6 Ra3+ 64. Kg4 Ke4 65. Nf8 Rg3+ 66. Kh4 Rg1 67. Ne6 Rh1+
68. Kg4 Bd6 69. Ng7 Bc5 70. Nh5 Rg1+ 71. Kh3 Kf3 72. Kh2 Re1 0-1

[Event "Gibtelecom Masters"]
[Site "Gibraltar ENG"]
[Date "2006.01.29"]
[Round "6"]
[White "Mohota,N"]
[Black "Arizmendi Martinez,J"]
[Result "0-1"]
[WhiteElo "2318"]
[BlackElo "2534"]
[EventDate "2006.01.24"]

1. d4 Nf6 2. c4 g6 3. Nc3 Bg7 4. e4 d6 5. Nf3 O-O 6. Be2 c5 7. d5 e5 8. O-O
Na6 9. Ne1 Ne8 10. Be3 f5 11. f3 f4 12. Bf2 h5 13. Nd3 g5 14. b4 Nxb4 15.
Nxb4 cxb4 16. Na4 b6 17. Rb1 Rb8 18. Rxb4 Rb7 19. Re1 Qf6 20. Nc3 Bh6 21.
Kf1 Rg7 22. Bd3 g4 23. Ke2 g3 24. hxg3 fxg3 25. Be3 Bh3 26. Bxh6 Bxg2 27.
Bxg7 Bxf3+ 28. Kd2 Qf4+ 29. Kc2 Bxd1+ 30. Rxd1 Kxg7 31. Rbb1 h4 32. Rg1 Qe3
0-1

[Event "Gibtelecom Masters"]
[Site "Gibraltar ENG"]
[Date "2006.01.29"]
[Round "6"]
[White "Sandipan,C"]
[Black "Peek,Mar"]
[Result "1-0"]
[WhiteElo "2522"]
[BlackElo "2375"]
[EventDate "2006.01.24"]

1. e4 e6 2. d4 d5 3. e5 c5 4. c3 Nc6 5. Nf3 Nge7 6. a3 Nf5 7. b4 cxd4 8.
cxd4 Bd7 9. Bb2 b5 10. Nc3 a5 11. bxa5 Nxa5 12. Bxb5 Bxb5 13. Nxb5 Nc4 14.
Bc3 Nxa3 15. Nxa3 Bxa3 16. Qb3 Be7 17. Qb5+ Kf8 18. Rxa8 Qxa8 19. g4 Nh4
20. Nxh4 Bxh4 21. O-O h5 22. Ra1 Qc8 23. Qc5+ Qxc5 24. dxc5 Bd8 25. Ra8 Ke7
26. c6 1-0

[Event "Gibtelecom Masters"]
[Site "Gibraltar ENG"]
[Date "2006.01.29"]
[Round "6"]
[White "Shaw,J"]
[Black "Swathi,G"]
[Result "1-0"]
[WhiteElo "2432"]
[BlackElo "2244"]
[EventDate "2006.01.24"]

1. e4 e5 2. Nf3 Nc6 3. Bb5 a6 4. Bxc6 dxc6 5. O-O f6 6. d4 exd4 7. Nxd4 c5
8. Ne2 Qxd1 9. Rxd1 Bd7 10. Nbc3 O-O-O 11. Be3 Re8 12. Rd2 Bc6 13. Rad1 b6
14. Nf4 Bd6 15. Nfd5 Kb7 16. f3 Ne7 17. Nxe7 Rxe7 18. Nd5 Rhe8 19. Bf2 Be5
20. c3 Ba4 21. b3 Bc6 22. Bg3 a5 23. Bxe5 Rxe5 24. Ne3 a4 25. b4 cxb4 26.
cxb4 Rc8 27. Kf2 Be8 28. a3 Re6 29. Rc1 g6 30. h4 Bb5 31. g4 Rf8 32. Nd5
Rf7 33. Rdc2 c6 34. Nc3 Bc4 35. Rd2 Bb3 36. Ne2 f5 37. exf5 gxf5 38. g5 Re5
39. Rd6 Bd5 40. Nf4 Rc7 41. b5 Bb3 42. bxc6+ Kc8 43. h5 b5 44. Nd3 Re8 45.
Rc5 Bf7 46. g6 hxg6 47. hxg6 Bc4 48. Ne5 1-0

[Event "Gibtelecom Masters"]
[Site "Gibraltar ENG"]
[Date "2006.01.29"]
[Round "6"]
[White "Ocana Roca,J"]
[Black "Carlsson,P"]
[Result "0-1"]
[WhiteElo "2125"]
[BlackElo "2430"]
[EventDate "2006.01.24"]

1. e4 e6 2. d4 d5 3. exd5 exd5 4. Qe2+ Be7 5. Nf3 Nf6 6. g3 O-O 7. Bg2 b6
8. Ne5 Ba6 9. Qd1 c5 10. Nd3 cxd4 11. O-O Nc6 12. Re1 Rc8 13. Bh3 Rc7 14.
a3 Bd6 15. Nd2 Re7 16. Nf3 Rxe1+ 17. Ndxe1 Ne4 18. c3 dxc3 19. Qxd5 Nxf2
20. Bg2 cxb2 21. Bxb2 Bc5 22. Qh5 g6 0-1

[Event "Gibtelecom Masters"]
[Site "Gibraltar ENG"]
[Date "2006.01.29"]
[Round "6"]
[White "Arakhamia,K"]
[Black "Walton,A"]
[Result "1-0"]
[WhiteElo "2426"]
[BlackElo "2197"]
[EventDate "2006.01.24"]

1. e4 e6 2. d4 d5 3. Nc3 Nf6 4. Bg5 Be7 5. e5 Nfd7 6. Bxe7 Qxe7 7. f4 O-O
8. Nf3 c5 9. dxc5 Nxc5 10. Qd2 Nc6 11. O-O-O f6 12. exf6 Qxf6 13. g3 Rd8
14. Qe1 Bd7 15. Qe3 b6 16. Bg2 Rac8 17. Rhe1 Be8 18. Nd4 Nxd4 19. Rxd4 Bg6
20. g4 Kh8 21. Re2 a5 22. h4 h5 23. f5 exf5 24. g5 Qf7 25. Bxd5 Qc7 26. Nb5
Qd7 27. Bc4 Re8 28. Qf3 Qb7 29. Bd5 Qd7 30. Rxe8+ Qxe8 31. Nd6 Qe5 32. Nf7+
Bxf7 33. Bxf7 g6 34. Bxg6 Kg7 35. Rd5 Qe1+ 36. Rd1 Qxh4 37. Qc3+ Kg8 38.
Qf6 Rf8 39. Bf7+ 1-0

[Event "Gibtelecom Masters"]
[Site "Gibraltar ENG"]
[Date "2006.01.29"]
[Round "6"]
[White "Welling,G"]
[Black "Schuurman,P"]
[Result "1-0"]
[WhiteElo "2405"]
[BlackElo "2234"]
[EventDate "2006.01.24"]

1. g3 g6 2. Bg2 Bg7 3. c4 c5 4. Nc3 Nc6 5. a3 d6 6. Rb1 a5 7. Nf3 e5 8. d3
Nge7 9. O-O O-O 10. Ne1 Be6 11. Nc2 d5 12. b3 Rc8 13. e4 dxe4 14. Nxe4 b6
15. b4 axb4 16. axb4 cxb4 17. Nxb4 Nd4 18. Nc3 Rc7 19. Bg5 f6 20. Be3 Nef5
21. Nbd5 Ra7 22. Rxb6 Ra3 23. Qb1 Re8 24. Qb2 Bf8 25. Ne4 Bxd5 26. Nxf6+
Qxf6 27. Rxf6 Bxg2 28. Kxg2 Rea8 29. Bxd4 Nxd4 30. Qb7 1-0

[Event "Gibtelecom Masters"]
[Site "Gibraltar ENG"]
[Date "2006.01.29"]
[Round "6"]
[White "Van den Bersselaar,J"]
[Black "Ganguly,S"]
[Result "0-1"]
[WhiteElo "2222"]
[BlackElo "2579"]
[EventDate "2006.01.24"]

1. d4 Nf6 2. c4 c5 3. d5 b5 4. cxb5 a6 5. bxa6 Bxa6 6. Nc3 g6 7. e4 Bxf1 8.
Kxf1 d6 9. h3 Bg7 10. Nge2 O-O 11. Kg1 Nbd7 12. Kh2 Ne8 13. Rb1 Nc7 14. Qc2
f5 15. exf5 Rxf5 16. Ng3 Rf7 17. Rd1 Nb6 18. Nge4 Qc8 19. Be3 Nc4 20. Bg5
Qf5 21. Qe2 Nxb2 22. Rxb2 Bxc3 23. Nxc3 Qxg5 24. Rb7 Ne8 25. Kg1 Ng7 26. a4
Nh5 27. Ne4 Qe5 28. Qc2 Nf4 29. Qc4 Qf5 30. Rb3 Qh5 31. Rd2 Rf5 32. Rb7 Qh4
33. Ng3 Nxh3+ 0-1

[Event "Gibtelecom Masters"]
[Site "Gibraltar ENG"]
[Date "2006.01.29"]
[Round "6"]
[White "Pelletier,Y"]
[Black "Osuna Vega,E"]
[Result "1-0"]
[WhiteElo "2579"]
[BlackElo "2192"]
[EventDate "2006.01.24"]

1. d4 Nf6 2. Nf3 g6 3. c4 Bg7 4. Nc3 d5 5. cxd5 Nxd5 6. e4 Nxc3 7. bxc3 O-O
8. Be2 c5 9. Rb1 cxd4 10. cxd4 Qa5+ 11. Bd2 Qxa2 12. O-O Bg4 13. Bg5 h6 14.
Bh4 g5 15. Bg3 Nc6 16. d5 Ne5 17. Rxb7 e6 18. d6 Nxf3+ 19. Bxf3 Bxf3 20.
Qxf3 e5 21. Rd1 Rab8 22. Re7 Rb3 23. Qg4 Rb1 24. h4 Qc2 25. Rxb1 Qxb1+ 26.
Kh2 Qb4 27. Rd7 Qa4 28. hxg5 hxg5 29. Re7 Qd4 30. d7 Bf6 31. Re8 a5 32. Qf5
Qd6 33. Bxe5 Bxe5+ 34. Qxe5 Qh6+ 35. Kg1 1-0

[Event "Gibtelecom Masters"]
[Site "Gibraltar ENG"]
[Date "2006.01.29"]
[Round "6"]
[White "Thipsay,B"]
[Black "Pavlovic,Milo"]
[Result "0-1"]
[WhiteElo "2219"]
[BlackElo "2494"]
[EventDate "2006.01.24"]

1. e4 c5 2. Nf3 d6 3. d4 cxd4 4. Nxd4 Nf6 5. Nc3 Nc6 6. Be2 g6 7. O-O Bg7
8. Be3 O-O 9. Nb3 a6 10. f4 b5 11. Bf3 Qc7 12. Kh1 Bb7 13. a4 b4 14. Nd5
Nxd5 15. exd5 Nb8 16. Bd4 Bxd4 17. Qxd4 a5 18. Qd2 Nd7 19. Rfe1 Nf6 20.
Rad1 Rfc8 21. Re2 Ba6 22. Rf2 Bc4 23. Nc1 Qa7 24. Qe1 Rc5 25. Nb3 Bxb3 26.
cxb3 Rac8 27. Re2 Kf8 28. Qd2 Qc7 29. f5 Rc1 30. Qh6+ Kg8 31. Red2 Rxd1+
32. Rxd1 Qc2 33. fxg6 hxg6 34. Qe3 Rc7 35. Qb6 Qc5 36. Qb8+ Kg7 37. Qd8 g5
38. h3 g4 39. Be2 Rc8 0-1

[Event "Gibtelecom Masters"]
[Site "Gibraltar ENG"]
[Date "2006.01.29"]
[Round "6"]
[White "Sisask,J"]
[Black "Tissir,M"]
[Result "1/2-1/2"]
[WhiteElo "2196"]
[BlackElo "2444"]
[EventDate "2006.01.24"]

1. e4 c5 2. Nf3 d6 3. Bb5+ Nd7 4. d4 cxd4 5. Qxd4 e5 6. Qd3 Ngf6 7. Bg5
Qa5+ 8. Nc3 a6 9. Bxd7+ Nxd7 10. O-O Nc5 11. Qe3 Be6 12. Nd5 Bxd5 13. exd5
Nd7 14. c4 h6 15. Bh4 Qc7 16. Rac1 g5 17. Bg3 Bg7 18. Nd4 O-O 19. Nf5 Rfe8
20. h4 f6 21. b4 b6 22. Kh2 a5 23. b5 Nc5 24. Qf3 Qd7 25. h5 Bf8 26. Qg4
Ra7 27. Rc3 Rc7 28. Re1 Qc8 29. f3 Qd7 30. Bf2 Qf7 31. Ng3 Rec8 32. Rec1
Kh8 33. Qf5 Be7 34. Kh3 Rg8 35. Kg4 Nd7 36. Ne4 Rgc8 37. a4 Rf8 38. Be3 Kg7
39. R3c2 Kh8 40. Rh1 Kg7 41. Kg3 Rfc8 42. Nd2 Bf8 43. Kf2 Re8 44. g4 Rec8
45. Rhc1 Re8 46. Ne4 Rcc8 47. Kg2 Rc7 48. Ng3 Rcc8 49. Kf1 Rc7 50. Ke2 Rcc8
51. Qe4 Rc7 52. Nf5+ Kh8 53. Kf1 Rcc8 54. Bf2 Rc7 55. Re1 Rec8 56. Rec1
1/2-1/2

[Event "Gibtelecom Masters"]
[Site "Gibraltar ENG"]
[Date "2006.01.29"]
[Round "6"]
[White "Zhukova,N"]
[Black "Groffen,H"]
[Result "1-0"]
[WhiteElo "2432"]
[BlackElo "2185"]
[EventDate "2006.01.24"]

1. e4 e6 2. d4 d5 3. Nc3 Nf6 4. Bg5 Bb4 5. e5 h6 6. Be3 Ne4 7. Qg4 Kf8 8.
a3 Bxc3+ 9. bxc3 Nxc3 10. Bd3 Nc6 11. h4 f5 12. Qf4 Ne7 13. h5 Qe8 14. g4
Qf7 15. g5 hxg5 16. Qxg5 Ne4 17. Bxe4 dxe4 18. Ne2 Bd7 19. Nf4 Ke8 20.
O-O-O b5 21. Rdg1 Rg8 22. h6 gxh6 23. Qxh6 a5 24. Rxg8+ Nxg8 25. Qh8 Qf8
26. Ng6 Qxa3+ 27. Kd1 1-0

[Event "Gibtelecom Masters"]
[Site "Gibraltar ENG"]
[Date "2006.01.29"]
[Round "6"]
[White "Smith,AP"]
[Black "Kobese,W"]
[Result "0-1"]
[WhiteElo "2200"]
[BlackElo "2397"]
[EventDate "2006.01.24"]

1. e4 c5 2. Nf3 Nc6 3. d4 cxd4 4. Nxd4 Qb6 5. Nb3 Nf6 6. Nc3 e6 7. a3 a6 8.
Bf4 Ne7 9. Qd2 Ng6 10. Be3 Qc7 11. O-O-O b5 12. Kb1 Bb7 13. f3 Rc8 14. g4
h6 15. Qf2 d5 16. Bb6 Qb8 17. h4 Be7 18. Bh3 dxe4 19. g5 hxg5 20. hxg5 Nd5
21. Bd4 e3 22. Qf1 Nxc3+ 23. bxc3 Qg3 24. Bg4 Rxh1 25. Qxh1 Qxg4 26. fxg4
Bxh1 27. Rxh1 Bxg5 28. Bxg7 f6 29. Bh6 Bxh6 30. Rxh6 e2 31. Rh1 Rxc3 32.
Re1 Nf4 33. Kb2 Rg3 34. Nc5 Re3 0-1

[Event "Gibtelecom Masters"]
[Site "Gibraltar ENG"]
[Date "2006.01.29"]
[Round "6"]
[White "Cannon,Ri"]
[Black "Houska,Jo"]
[Result "0-1"]
[WhiteElo "2087"]
[BlackElo "2355"]
[EventDate "2006.01.24"]

1. e4 e5 2. Nf3 Nc6 3. Bb5 a6 4. Ba4 Nf6 5. O-O b5 6. Bb3 Bc5 7. Nxe5 Nxe5
8. d4 Bxd4 9. Qxd4 d6 10. f4 c5 11. Qe3 Neg4 12. Qf3 c4 13. h3 Qb6+ 14. Kh1
h5 15. Nc3 cxb3 16. e5 Bb7 17. Qe2 dxe5 18. fxe5 Nd5 19. Ne4 O-O-O 20. Nd6+
Rxd6 21. exd6 Qxd6 22. hxg4 hxg4+ 23. Kg1 Qh2+ 24. Kf2 Qh4+ 25. g3 Qh2+ 26.
Ke1 Qxg3+ 27. Qf2 Re8+ 28. Kd2 Ne3 0-1

[Event "Gibtelecom Masters"]
[Site "Gibraltar ENG"]
[Date "2006.01.29"]
[Round "6"]
[White "Klinova,M"]
[Black "Gilbert,Je"]
[Result "1-0"]
[WhiteElo "2353"]
[BlackElo "2098"]
[EventDate "2006.01.24"]

1. e4 c6 2. d4 d5 3. e5 c5 4. dxc5 e6 5. Nf3 Bxc5 6. Bd3 Nc6 7. O-O Nge7 8.
a3 a5 9. Bf4 Ng6 10. Bg3 a4 11. c4 dxc4 12. Bxc4 Qxd1 13. Rxd1 Bd7 14. Bb5
Ncxe5 15. Bxd7+ Nxd7 16. Nc3 Nf6 17. Bd6 Bxd6 18. Rxd6 Nd7 19. Rd4 Nc5 20.
Rc4 b6 21. Rb4 Ra6 22. Nd2 Ne5 23. Nde4 Ned3 24. Nxc5 Nxc5 25. Rd1 Ke7 26.
Kf1 Rd8 27. Rxd8 Kxd8 28. Ke2 Kd7 29. h4 Kc6 30. Ke3 Ra5 31. g3 b5 32. Rg4
g6 33. h5 Ra7 34. hxg6 hxg6 35. Rb4 Rb7 36. f4 Nd7 37. Kd3 Nf6 38. b3 axb3
39. Rxb3 Nd5 40. Ne2 Nc7 41. Nd4+ Kd5 42. Rc3 Na6 43. Rc8 Nc5+ 44. Ke3 Kc4
45. Nc6 Rb6 46. Ne5+ Kd5 47. Nxf7 Ra6 48. Rd8+ Kc6 49. Rd6+ Kc7 50. Rxa6
Nxa6 51. Kd4 Kd7 52. Ne5+ Ke7 53. Nxg6+ Kf6 54. Ne5 Kf5 55. Nd3 Kg4 56. Ke5
Kxg3 57. Kxe6 b4 58. Nxb4 Nc7+ 59. Ke5 1-0

[Event "Gibtelecom Masters"]
[Site "Gibraltar ENG"]
[Date "2006.01.29"]
[Round "6"]
[White "Goodger,M"]
[Black "Ashton,A"]
[Result "0-1"]
[WhiteElo "2135"]
[BlackElo "2321"]
[EventDate "2006.01.24"]

1. e4 e5 2. Nf3 Nc6 3. d4 exd4 4. Nxd4 Nf6 5. Nxc6 bxc6 6. e5 Qe7 7. Qe2
Nd5 8. c4 Nb6 9. Nc3 a5 10. f4 g6 11. Bd2 Ba6 12. b3 Bg7 13. g3 O-O 14. Kf2
f6 15. exf6 Qxf6 16. Re1 Rae8 17. Qxe8 Rxe8 18. Rxe8+ Kf7 19. Re5 Qd6 20.
Re2 Qd4+ 21. Ke1 d5 22. Bh3 dxc4 23. Be6+ Kf8 24. Re4 Qd3 25. Re3 Qc2 26.
Bg4 Bxc3 27. Bxc3 Qc1+ 28. Kf2 Qxh1 29. Bxa5 Nd5 0-1

[Event "Gibtelecom Masters"]
[Site "Gibraltar ENG"]
[Date "2006.01.29"]
[Round "6"]
[White "Borchgrevink,H"]
[Black "Straub,P"]
[Result "1-0"]
[WhiteElo "2265"]
[BlackElo "2086"]
[EventDate "2006.01.24"]

1. d4 Nf6 2. Nf3 g6 3. c4 Bg7 4. Nc3 O-O 5. e4 d6 6. Bg5 Qe8 7. Nd2 e5 8.
d5 Na6 9. Be2 h6 10. Be3 Nh7 11. f3 f5 12. a3 f4 13. Bf2 h5 14. h4 c6 15.
dxc6 bxc6 16. b4 Nc7 17. Nb3 Qe7 18. Na5 Bd7 19. Qd2 Ne6 20. Nb3 Rfd8 21.
b5 c5 22. Nd5 Qf7 23. a4 Nf6 24. Bd3 Nxd5 25. exd5 Nd4 26. Nxd4 exd4 27.
O-O Bf5 28. a5 Re8 29. Qc2 Bxd3 30. Qxd3 Re7 31. Rfe1 Rae8 32. Rxe7 Rxe7
33. Re1 Be5 34. Rb1 Kg7 35. Kf1 Qe8 36. Qc2 Qd8 37. b6 axb6 38. Rxb6 Ra7
39. Be1 Bf6 40. Qb3 Kh6 41. Bd2 g5 42. hxg5+ Bxg5 43. Rb7 Ra8 44. Qb1 Qg8
45. Rd7 Ra6 46. Qb7 Qg6 47. Qxa6 Qb1+ 48. Be1 Qd3+ 49. Kg1 1-0

[Event "Gibtelecom Masters"]
[Site "Gibraltar ENG"]
[Date "2006.01.29"]
[Round "6"]
[White "Gomes,M"]
[Black "Dunn,Al"]
[Result "1-0"]
[WhiteElo "2231"]
[BlackElo "2076"]
[EventDate "2006.01.24"]

1. Nf3 c5 2. c4 Nc6 3. g3 g6 4. Bg2 Bg7 5. Nc3 d6 6. O-O Nf6 7. d4 cxd4 8.
Nxd4 Bd7 9. Nc2 O-O 10. b3 a6 11. Bb2 Rb8 12. a4 Qb6 13. Ne3 Nb4 14. a5 Qc5
15. Na4 Qh5 16. Bc3 Nc6 17. Qc2 Bh3 18. b4 Ne5 19. Bxe5 dxe5 20. Nc3 e6 21.
Rfd1 Bxg2 22. Kxg2 Bh6 23. Nf1 Rbc8 24. c5 Qg4 25. e4 Nh5 26. Ne2 Nf4+ 27.
Nxf4 exf4 28. f3 Qg5 29. Rd7 fxg3 30. hxg3 Rb8 31. Rad1 Bg7 32. f4 Qg4 33.
Ne3 Qh5 34. Rh1 1-0

[Event "Gibtelecom Masters"]
[Site "Gibraltar ENG"]
[Date "2006.01.29"]
[Round "6"]
[White "Pannekoek,W"]
[Black "Spence,D"]
[Result "1-0"]
[WhiteElo "2083"]
[BlackElo "2221"]
[EventDate "2006.01.24"]

1. e4 e6 2. d4 d5 3. Nc3 Bb4 4. e5 c5 5. a3 Ba5 6. b4 cxd4 7. Nb5 Bc7 8. f4
Bd7 9. Nf3 Bxb5 10. Bxb5+ Nd7 11. O-O Ne7 12. Kh1 O-O 13. Nxd4 Nb6 14. Qe2
Ng6 15. Bd3 Qe7 16. Rf3 Rfe8 17. Rh3 Nd7 18. Nb5 Ndf8 19. Be3 Bb6 20. Rf1
Bxe3 21. Qxe3 f6 22. Nxa7 fxe5 23. fxe5 Qc7 24. Nb5 Qxe5 25. Qxe5 Nxe5 26.
Nc7 Rec8 27. Nxa8 Rxa8 28. Re1 Ned7 29. Bb5 Nf6 30. Rc3 Ne4 31. Rc7 Nd6 32.
a4 Rd8 33. Bd3 Rc8 34. Rxc8 Nxc8 35. a5 Kf7 36. b5 Nd7 37. a6 b6 38. Be2
Na7 39. Bg4 Nc5 40. Bf3 d4 41. Be2 Ke7 42. Bc4 Kd6 43. Kg1 h6 44. Kf2 e5
45. Bd3 Kd5 46. Kf3 Nd7 47. Kg4 Nc5 48. Kf3 Nd7 49. h4 Nf6 50. Be4+ Kc5 51.
Bc6 Kd6 52. g4 Ng8 53. g5 hxg5 54. hxg5 Ne7 55. Be4 Nxb5 56. Rb1 Kc5 57.
Rxb5+ 1-0

[Event "Gibtelecom Masters"]
[Site "Gibraltar ENG"]
[Date "2006.01.29"]
[Round "6"]
[White "Stock,T"]
[Black "Tscharotschkin,M"]
[Result "0-1"]
[WhiteElo "2083"]
[BlackElo "2227"]
[EventDate "2006.01.24"]

1. d4 Nf6 2. c4 c5 3. d5 g6 4. Nc3 d6 5. e4 Bg7 6. f3 O-O 7. Be3 e6 8. Qd2
exd5 9. cxd5 a6 10. a4 Nbd7 11. Nh3 Ne5 12. Nf2 Bd7 13. Be2 b5 14. O-O b4
15. Ncd1 a5 16. Bh6 Bc8 17. Bxg7 Kxg7 18. f4 Ned7 19. Ne3 Ba6 20. Nc4 Bxc4
21. Bxc4 Nb6 22. Bb5 Nfd7 23. Rae1 f6 24. Re3 Qe7 25. Rfe1 Qf7 26. Rg3 Kh8
27. b3 Rae8 28. Rge3 Re7 29. Ng4 h5 30. Nf2 Kg7 31. h4 Kh8 32. Qe2 Rfe8 33.
Qd2 Kg7 34. Nh3 Kh8 35. e5 fxe5 36. Ng5 Qxf4 37. Ne6 Qh6 38. Qd3 Rf7 39.
Rg3 Rg8 40. Rf1 Rxf1+ 41. Qxf1 e4 42. Qf7 Qh7 43. Ng5 Qxf7 44. Nxf7+ Kg7
45. Nxd6 Nf6 46. Nb7 Nfxd5 47. Nxc5 Nc3 48. Kf2 Rf8+ 49. Ke3 Rf5 50. Rg5
Nxb5 51. axb5 Kf7 52. Nb7 Rxg5 53. hxg5 a4 54. bxa4 b3 55. Nd6+ Ke6 56.
Nxe4 Nxa4 57. Nd2 b2 58. Kd4 Kf5 59. Kc4 Kxg5 60. Kb4 Nb6 61. Kc5 Nc8 62.
Kd4 Kf4 63. Kc3 Kg3 64. Kxb2 Kxg2 65. Ne4 h4 66. Nf6 h3 0-1

[Event "Gibtelecom Masters"]
[Site "Gibraltar ENG"]
[Date "2006.01.29"]
[Round "6"]
[White "Slimani,A"]
[Black "Nimmy,A"]
[Result "0-1"]
[WhiteElo "1956"]
[BlackElo "2123"]
[EventDate "2006.01.24"]

1. e4 e5 2. Nf3 Nc6 3. Bc4 Bc5 4. d3 Nf6 5. O-O d6 6. Re1 Ng4 7. Re2 h6 8.
h3 Nf6 9. c3 Bb6 10. b4 Be6 11. Bxe6 fxe6 12. Nh4 g5 13. Nf3 g4 14. hxg4
Nxg4 15. a4 a5 16. b5 Ne7 17. Na3 Ng6 18. Nc4 Ba7 19. b6 Bxb6 20. Nxb6 cxb6
21. Qb3 Ke7 22. Ba3 Nf6 23. d4 Nf4 24. Ree1 Kf7 25. dxe5 Qg8 26. g3 Qg4 27.
c4 Qh3 28. Nh4 dxe5 29. Qf3 Rhg8 30. Ng2 Nxg2 31. Qxg2 Qg4 32. Rab1 Nd7 33.
c5 h5 34. Red1 Rad8 35. cxb6 h4 36. Rd3 Nf6 37. Rbd1 Qxd1+ 38. Rxd1 Rxd1+
39. Kh2 0-1

[Event "Gibtelecom Masters"]
[Site "Gibraltar ENG"]
[Date "2006.01.29"]
[Round "6"]
[White "Hutchinson,N"]
[Black "Baena,A"]
[Result "1/2-1/2"]
[WhiteElo "2118"]
[BlackElo "2019"]
[EventDate "2006.01.24"]

1. e4 e5 2. Nf3 Nc6 3. Bb5 a6 4. Ba4 Nf6 5. O-O Be7 6. Bxc6 dxc6 7. d3 Qd6
8. Nbd2 Be6 9. Ng5 O-O-O 10. Nxe6 Qxe6 11. Qe2 g5 12. Nc4 g4 13. f4 exf4
14. Bxf4 Bc5+ 15. Be3 Bxe3+ 16. Qxe3 Kb8 17. Qf4 Nd7 18. Qxf7 Qh6 19. Rf5
b5 20. Rh5 Qf6 21. Qxf6 Nxf6 22. Rf5 bxc4 23. Rxf6 cxd3 24. Rxc6 Rhe8 25.
cxd3 Rxd3 26. Rac1 Rxe4 27. R1c2 Rf4 28. g3 Rd1+ 29. Kg2 Rff1 30. Re2 Kb7
31. Rh6 Rf7 32. Rh4 Rg7 33. Rc2 Rd5 34. Rh6 Rf7 35. Rhc6 Rd4 36. R6c3 Re4
37. h3 gxh3+ 38. Kxh3 Re6 39. g4 Rh6+ 40. Kg3 Rg6 41. Rc5 Kb6 42. Rh5 Rd6
43. Rf5 Rg7 44. Rcf2 Rgg6 45. Rh2 Rd3+ 46. Kh4 Rd4 47. Rg2 Rdd6 48. Rg5
Rgf6 49. Rg7 h6 50. Rc2 c6 51. Rc3 Rd4 52. Rb3+ Kc5 53. Rc3+ Kb6 54. Rg8
Kc7 55. Re3 c5 56. Rg7+ Kc6 57. Ra3 Kd5 58. Ra7 Rff4 59. Rd7+ Ke4 60. Rg7
Rf6 1/2-1/2

[Event "Gibtelecom Masters"]
[Site "Gibraltar ENG"]
[Date "2006.01.29"]
[Round "6"]
[White "Mohamed,MA"]
[Black "Sbia,B"]
[Result "1-0"]
[WhiteElo "2107"]
[BlackElo "1989"]
[EventDate "2006.01.24"]

1. e4 e5 2. Nf3 Nc6 3. Bb5 Nf6 4. Nc3 Bc5 5. O-O d6 6. d4 exd4 7. Nxd4 Bd7
8. Nb3 Bb6 9. Bg5 h6 10. Bh4 g5 11. Bg3 Ne5 12. Bxd7+ Qxd7 13. a4 a6 14. a5
Ba7 15. Bxe5 dxe5 16. Qf3 Qe6 17. Rad1 g4 18. Qg3 c6 19. Rd2 h5 20. Qh4 g3
21. Qxg3 h4 22. Qf3 h3 23. g3 Rd8 24. Rfd1 Ke7 25. Rd3 Qg4 26. Qxg4 Nxg4
27. R1d2 Rxd3 28. cxd3 Rd8 29. Na4 Nxf2 30. Rxf2 Rxd3 31. Nac5 Rd1+ 32. Rf1
Rd3 33. Kh1 Re3 34. Rd1 Re2 35. Nd3 Rxe4 36. Re1 Rxe1+ 37. Nxe1 e4 38. Nc1
Ke6 39. Ne2 Kf5 40. Nc2 e3 41. Kg1 Ke4 42. Ne1 Bc5 43. Kf1 Bb4 44. Nf4 Bxa5
45. Nxh3 Bd8 46. Ke2 Bf6 47. Nd3 b6 48. b4 a5 49. bxa5 bxa5 50. Nhf4 Bd4
51. Ne1 a4 52. Nc2 Bc5 53. Nd3 Bf8 54. Nxe3 a3 55. Nc2 f5 56. Ndb4 c5 57.
Na2 c4 58. Nc3+ Ke5 59. Nb5 Ke4 60. Nbxa3 f4 61. g4 f3+ 62. Kf1 Kf4 63. h3
Bh6 64. Nxc4 Kg3 65. N4e3 Bg5 66. Nd4 Kxh3 67. Ndf5 Kh2 68. Kf2 Kh3 69.
Kxf3 Kh2 70. Ng2 Kh3 71. Nf4+ Kh2 72. Ne3 Bf6 73. Kf2 Bh4+ 74. Kf3 Bg5 75.
Nf1+ Kg1 76. Nh3+ 1-0

[Event "Gibtelecom Masters"]
[Site "Gibraltar ENG"]
[Date "2006.01.29"]
[Round "6"]
[White "Vea,O"]
[Black "Almer,J"]
[Result "1-0"]
[WhiteElo "2099"]
[BlackElo "1848"]
[EventDate "2006.01.24"]

1. e4 e5 2. Nc3 Nf6 3. f4 d5 4. fxe5 Nxe4 5. Nf3 Be7 6. Qe2 Nxc3 7. dxc3
O-O 8. Be3 c5 9. O-O-O Be6 10. Kb1 Qa5 11. Bg5 Qc7 12. h4 Nc6 13. Bxe7 Nxe7
14. h5 Nf5 15. Ng5 Qe7 16. Nxe6 Qxe6 17. Qf3 d4 18. cxd4 Nxd4 19. Qe4 f5
20. Qf4 Kh8 21. c3 Nc6 22. Re1 Qh6 23. g3 Rad8 24. Bh3 Qxf4 25. gxf4 Rd2
26. Rd1 Rf2 27. Rhf1 Rh2 28. Rf3 g6 29. h6 Kg8 30. Rg3 a6 31. a3 c4 32. Ka2
b5 33. e6 Re2 34. Bg2 Ne7 35. Rd6 a5 36. Rb6 b4 37. axb4 axb4 38. Rxb4 Rxe6
39. Rxc4 Re2 40. Rb4 Rd8 41. Bf1 Rf2 42. Bc4+ Kf8 43. Be6 Re2 44. Rb6 Rf2
45. Bc4 Ra8+ 46. Kb3 Rxf4 47. Rf6+ Ke8 48. Bb5+ Kd8 49. Rf8+ 1-0